All-Star Team (FIFA) - Statistiques

Statistiques générales
  • Ce quiz a été pris 183 fois
  • Le résultat moyen est 32 sur 101
Statistiques - réponses
Group Hint 1 Hint 2 Réponse % Correct
1998 | 2006 Milieu France Zinédine Zidane
85%
2002 | 2010 Gardien Espagne Iker Casillas
82%
1998 | 2002 Attaquant Brésil Ronaldo
80%
2010 Milieu Espagne Andrés Iniesta
79%
2006 Gardien Italie Gianluigi Buffon
79%
2010 Milieu Espagne Xavi
79%
1998 | 2006 Attaquant France Thierry Henry
71%
2010 Attaquant Uruguay Diego Forlán
69%
2010 Défenseur Espagne Sergio Ramos
69%
2010 Attaquant Espagne David Villa
67%
2010 Défenseur Espagne Carles Puyol
66%
1998 Gardien France Fabien Barthez
65%
2002 Gardien Allemagne Oliver Kahn
65%
1998 | 2002 Défenseur Brésil Roberto Carlos
64%
1998 | 2006 Défenseur France Lilian Thuram
57%
2006 Défenseur Italie Fabio Cannavaro
56%
1998 Défenseur France Marcel Desailly
56%
2002 Milieu Brésil Ronaldinho
56%
1994 Défenseur Italie Paolo Maldini
55%
2006 | 2010 Défenseur Allemagne Philipp Lahm
55%
2002 Défenseur Brésil Cafu
54%
2006 Milieu Italie Andrea Pirlo
52%
2002 | 2006 Attaquant Allemagne Miroslav Klose
52%
2006 Milieu France Patrick Vieira
52%
2010 Milieu Pays-Bas Wesley Sneijder
43%
2006 Milieu Portugal Luís Figo
42%
1998 Attaquant Croatie Davor Šuker
41%
2010 Milieu Allemagne Bastian Schweinsteiger
40%
1998 Attaquant Angleterre Michael Owen
37%
1998 | 2002 Milieu Brésil Rivaldo
37%
1994 Attaquant Italie Roberto Baggio
37%
1998 Attaquant Danemark Brian Laudrup
34%
2006 Milieu Italie Francesco Totti
34%
2002 | 2006 Milieu Allemagne Michael Ballack
34%
1998 Milieu Danemark Michael Laudrup
34%
1998 Gardien Pays-Bas Edwin van der Sar
33%
1998 Milieu Nigeria Jay-Jay Okocha
33%
1994 Milieu Roumanie Gheorghe Hagi
31%
2006 Milieu Italie Gennaro Gattuso
29%
1998 Attaquant Italie Christian Vieri
23%
2006 Attaquant Argentine Hernán Crespo
23%
2006 Gardien Allemagne Jens Lehmann
23%
1994 Attaquant Brésil Romário
23%
2006 Milieu Brésil Zé Roberto
23%
2002 Défenseur Espagne Fernando Hierro
22%
2006 Défenseur Angleterre John Terry
22%
1998 Attaquant Pays-Bas Dennis Bergkamp
21%
2002 Milieu Japon Hidetoshi Nakata
21%
2002 Attaquant Etats-Unis Landon Donovan
21%
2006 Attaquant Italie Luca Toni
21%
2010 Défenseur Brésil Maicon Douglas
21%
1998 Gardien Paraguay José Luis Chilavert
20%
2002 Défenseur Angleterre Sol Campbell
20%
1998 Milieu Argentine Juan Sebastián Verón
19%
2006 Défenseur Italie Gianluca Zambrotta
18%
1994 Gardien Belgique Michel Preud'homme
17%
2006 Défenseur Portugal Ricardo Carvalho
17%
2002 Attaquant Sénégal El-Hadji Diouf
16%
1998 Défenseur Pays-Bas Frank de Boer
14%
1998 Milieu Pays-Bas Edgar Davids
13%
2006 Gardien Portugal Ricardo
11%
1994 | 1998 Milieu Brésil Dunga
10%
1994 Attaquant Bulgarie Hristo Stoitchkov
10%
2006 Milieu Portugal Maniche
8%
2006 Défenseur Argentine Roberto Ayala
8%
1938 Attaquant Italie Giuseppe Meazza
7%
2002 Milieu Belgique Marc Wilmots
6%
1994 Milieu Suède Tomas Brolin
5%
2002 Attaquant Turquie Hasan Şaş
4%
1938 Attaquant Brésil Leônidas
4%
2002 Gardien Turquie Rüştü Reçber
3%
1938 Défenseur Italie Pietro Rava
2%
1938 Attaquant Suède Arne Nyberg
1%
2002 Milieu Etats-Unis Claudio Reyna
1%
1938 Gardien Tchécoslovaquie František Plánička
1%
1938 Attaquant Hongrie György Sárosi
1%
1994 Défenseur Brésil Jorginho
1%
1994 Défenseur Brésil Márcio Santos
1%
1938 Milieu Italie Michele Andreolo
1%
1938 Attaquant Hongrie Pál Titkos
1%
1938 Milieu Italie Ugo Locatelli
1%
1938 Milieu Brésil Zézé
1%
2002 Défenseur Turquie Alpay Özalan
0%
1998 Défenseur Paraguay Carlos Gamarra
0%
2002 Milieu Allemagne Dietmar Hamann
0%
1938 Défenseur Brésil Domingos da Guia
0%
2002 Défenseur Corée du Sud Hong Myung-bo
0%
2002 Milieu Espagne Joaquín Sánchez Rodríguez
0%
1994 Milieu Bulgarie Krasimir Balakov
0%
2002 Milieu Corée du Sud Yoo Sang-chul
0%
Aucun quiz correspondant
Distribution des résultats
% des personnes avec chaque résultat
Percentile par nombre de réponses
Votre historique - résultats
Vous n’avez pas pris ce quiz